Κινηματογράφος και ζωγραφική = El Greco y el cine

Saved in:
Bibliographic Details
Main Author: Eisenstein, Sergei, 1898-1948
Format: Book
Language:Greek
French
Published: Αθήνα : Αιγόκερως, [μεταξύ 1980 και 1990]
Series:Κινηματογράφος. Έργα ; 4
Subjects:
Tags: Add Tag
No Tags, Be the first to tag this record!

MARC

LEADER 00000cam a2200000 i 4500
001 1/56162
008 070926q19801990gr | ||| |||| ||gre||
035 |l 10091064 
040 |a GR-MyUa  |b gre  |e AACR2 
041 1 |a gre  |h fre 
082 7 |a 791.4301   |2 (22)  
082 7 |a 700.92   |2 (23)  
100 1 |a Eisenstein, Sergei,   |d 1898-1948. 
245 1 0 |a Κινηματογράφος και ζωγραφική =   |b El Greco y el cine /   |c Σ.Μ. Αϊζενστάιν ; μετάφραση Κώστας Σφήκας.  
246 1 |i Παράλληλος τίτλος:   |a El Greco y el cine 
260 |a Αθήνα :   |b Αιγόκερως,   |c [μεταξύ 1980 και 1990]  
300 |a 109 σ. :   |b εικ. ;   |c 21 εκ.  
490 1 |a (Κινηματογράφος. Έργα ;   |v 4)  
500 |a Τίτλος πρωτοτύπου: El Greco y el cine.  
600 1 7 |2 nlgaf  |a Θεοτοκόπουλος, Δομήνικος,   |d 1541-1614  |x Criticism and interpretation. 
650 0 |a Art and motion pictures. 
650 0 |a Painting and motion pictures. 
650 0 |a Motion pictures  |x Aesthetics. 
830 0 |a Κινηματογράφος. Έργα ;  |v 4 
852 |a INST  |b LESVOS  |e 20070926  |h 791.4301 EIS  |p 005100037644  |q 005100037644  |t BK  |y 0 
852 |a INST  |b SYROS  |c EUDOXUS  |e 20170630  |h 700.92 ΘΕΟ  |p 005500013092  |q 005500013092  |t EDX  |y 0 
901 |a BIBL1-2007-3 
920 |a Εύδοξος  |b Παραγγελία  |y Σύρος-ΤΜΣΠΣ  |z 2017-05 
922 |a 1ΕΛΗ  |b 2007-07  |c ΕΠΕΑΕΚ2/ΠΤΕ  |d Σ. Πατάκης 
970 |a Χατζημιχαήλ  |b Μαρία  |z 26/09/2007